| 000 | 00424nam a2200157 a 4500 | ||
|---|---|---|---|
| 005 | 20140412111427.0 | ||
| 008 | 090718s19uu xx 00 eng d | ||
| 020 | _a0-307-96011-0 | ||
| 050 |
_aER _bPo75 2001 |
||
| 100 | _aRogers, Amy Keating | ||
| 245 |
_aCreature Teacher / _cAmy Keating Rogers. |
||
| 260 |
_aNew York : _bGolden book, _c2001. |
||
| 300 | _a1 v. unp. | ||
| 440 | _aThe Powerpuff girls | ||
| 999 |
_c106247 _d106247 |
||